| 000 | 01776nam a2200481 i 4500 | ||
|---|---|---|---|
| 001 | vtls000677709 | ||
| 003 | PNM | ||
| 005 | 20210211105511.0 | ||
| 008 | 120521t20172017my g a001 0 may | ||
| 015 | _aM181-00065 | ||
| 020 |
_a9789674120573 _qpaperback _cRM 35.00 |
||
| 039 | 9 |
_a201911200945 _bmasliza _c201911050759 _dmasliza _c201908231537 _dAUTHORITY _c201908231537 _dAUTHORITY |
|
| 040 |
_aBNM _beng _cBNM _dPNM _dPPAK _erda |
||
| 049 | _aklpmal | ||
| 082 | 0 | 4 |
_a297.7409595 _223 |
| 090 | 0 | 0 |
_a297.7409595 _bDAK _dG |
| 245 | 0 | 0 |
_aDakwah kepada Non-Muslim di Malaysia : _bKonsep, Metode dan Pengalaman / _cdisunting oleh ABDUL GHAFAR HAJI DON & ZULKIPLE ABD. GHANI |
| 264 | 1 |
_aBangi, Selangor : _bPenerbit Universiti Kebangsaan Malaysia, _c2017 |
|
| 264 | 4 | _c©2017 | |
| 300 |
_a211 pages ; _c23 cm. |
||
| 336 |
_atext _2rdacontent |
||
| 337 |
_aunmediated _2rdamedia |
||
| 338 |
_avolume _2rdacarrier |
||
| 490 | 1 | _aSIRI ISLAM DAN PEMBANGUNAN MALAYSIA | |
| 500 | _aIncludes index | ||
| 504 | _aBibliography: pages [199]-205 | ||
| 650 | 1 | 0 |
_aDa'wah (Islam) _zMalaysia |
| 650 | 2 | 0 |
_aIslam _xMissions _zMalaysia |
| 650 | 2 | 0 |
_aGovernment publications _zMalaysia |
| 700 | 0 |
_aAbdul Ghafar Haji Don, _cProf. Madya, _eeditor. |
|
| 700 | 0 |
_aZulkiple Abd. Ghani, _cDato', Prof. Dr., _eeditor. |
|
| 830 | 0 | _aSiri Islam dan pembangunan Malaysia | |
| 942 |
_2ddc _cB |
||
| 949 |
_61001390846 _a297.7409595 DAK D _e2602902 |
||
| 949 |
_61001390847 _a297.7409595 DAK D _e2602903 |
||
| 949 |
_61001390848 _a297.7409595 DAK D _e2602904 |
||
| 949 |
_61001390849 _a297.7409595 DAK D _e2602905 |
||
| 949 |
_61001390850 _a297.7409595 DAK D _e2602906 |
||
| 949 |
_61001379982 _a297.7409595 DAK D _e2619115 |
||
| 949 | _62000602730 | ||
| 949 | _62000602729 | ||
| 949 | _62000602728 | ||
| 999 |
_c182001 _d182001 |
||